[Event "DEM U16 2006"]
[Site "Willingen GER"]
[Date "2006.06.10"]
[Round "9"]
[White "Klein, Felix"]
[Black "Savchenko, Aleksij"]
[Result "0-1"]
[Termination "normal"]
[Board "6"]
[WhiteElo "2176"]
[BlackElo "2074"]
[PlyCount "94"]
[WhiteFideId "24600458"]
[BlackFideId "24611727"]
[EventCountry "GER"]
[EventRounds "9"]
[EventType "swiss"]
[EventDate "2006.06.03"]

1. e4 c5 2. Nf3 d6 3. d4 cxd4 4. Nxd4 Nf6 5. Nc3 a6 6. Be3 e6 7. f3 b5 8. Qd2
Nbd7 9. g4 Nb6 10. O-O-O Nfd7 11. g5 Ne5 12. h4 Nec4 13. Bxc4 Nxc4 14. Qf2 Bd7
15. Kb1 Nxe3 16. Qxe3 Be7 17. f4 b4 18. Nce2 Qc7 19. h5 O-O 20. g6 h6 21. gxf7+
Rxf7 22. f5 exf5 23. Nxf5 Bxf5 24. exf5 Rc8 25. Nd4 Bf6 26. Rh2 Qc5 27. Rg2 Re7
28. Qb3+ Kh7 29. Ne6 Qxf5 30. Re2 Rce8 31. Rde1 d5 32. Qd3 Qxd3 33. cxd3 Kg8
34. Nf4 Rxe2 35. Rxe2 Rxe2 36. Nxe2 Be5 37. Kc2 Kf7 38. b3 Kf6 39. Kd2 Kg5 40.
Ke3 Kxh5 41. Ng1 Kg4 42. Nf3 Bd6 43. Ne1 Bc5+ 44. d4 Bd6 45. Nd3 h5 46. Kf2 h4
47. Nb2 Kf4 0-1

[Event "DEM U16 2006"]
[Site "Willingen GER"]
[Date "2006.06.10"]
[Round "9"]
[White "Rudolf, Sebastian"]
[Black "Werthebach, Felix"]
[Result "1-0"]
[Termination "normal"]
[Board "7"]
[WhiteElo "1989"]
[BlackElo "2081"]
[PlyCount "63"]
[WhiteFideId "24609390"]
[BlackFideId "24609684"]
[EventCountry "GER"]
[EventRounds "9"]
[EventType "swiss"]
[EventDate "2006.06.03"]

1. e4 c5 2. Nf3 e6 3. d4 cxd4 4. Nxd4 Nf6 5. Nc3 d6 6. Be3 a6 7. Be2 Be7 8. f4
Qc7 9. g4 d5 10. e5 Ne4 11. Nxe4 dxe4 12. g5 g6 13. Qd2 b6 14. h4 Bb7 15. h5
Rf8 16. Kf2 Nc6 17. Nxc6 Qxc6 18. c4 Rd8 19. Qc1 Bc5 20. Rd1 Rd3 21. Bxd3 exd3
22. Rxd3 Qf3+ 23. Ke1 Qg3+ 24. Kd2 Be4 25. Qg1 Bb4+ 26. Kc2 Qh3 27. Rad1 Qxh5
28. Qf1 Rh8 29. Kb3 Bxd3 30. Qxd3 Be7 31. Bxb6 Kf8 32. Bd8 1-0

[Event "DEM U16 2006"]
[Site "Willingen GER"]
[Date "2006.06.10"]
[Round "9"]
[White "Englert, Fabian"]
[Black "Schlötzer, Waldemar"]
[Result "1/2-1/2"]
[Termination "normal"]
[Board "8"]
[WhiteElo "2068"]
[BlackElo "2094"]
[PlyCount "66"]
[WhiteFideId "24614467"]
[BlackFideId "24602140"]
[EventCountry "GER"]
[EventRounds "9"]
[EventType "swiss"]
[EventDate "2006.06.03"]

1. e4 c5 2. a3 g6 3. b4 Bg7 4. Nc3 d6 5. g3 Nc6 6. Rb1 e6 7. Bg2 Nge7 8. Nge2
O-O 9. O-O Nd4 10. Bb2 e5 11. Nxd4 cxd4 12. Ne2 Be6 13. c3 dxc3 14. Bxc3 Qb6
15. d4 Bc4 16. Re1 Rac8 17. Ba1 Rfd8 18. a4 d5 19. a5 Qa6 20. dxe5 dxe4 21. Nd4
Bd3 22. Rc1 Bxe5 23. Rxc8 Rxc8 24. Bxe4 Bxe4 25. Rxe4 Bf6 26. Nb3 Bxa1 27. Qxa1
Nd5 28. Nc5 Qb5 29. Qa4 Qxa4 30. Nxa4 b5 31. axb6 Nxb6 32. Nxb6 axb6 33. Rd4
Rc6 1/2-1/2

[Event "DEM U16 2006"]
[Site "Willingen GER"]
[Date "2006.06.10"]
[Round "9"]
[White "Glantz, Robert"]
[Black "Heider, Martin"]
[Result "1-0"]
[Termination "normal"]
[Board "9"]
[WhiteElo "1926"]
[BlackElo "1944"]
[PlyCount "53"]
[WhiteFideId "24629596"]
[EventCountry "GER"]
[EventRounds "9"]
[EventType "swiss"]
[EventDate "2006.06.03"]

1. e4 e6 2. d4 d5 3. Nc3 Bb4 4. e5 c5 5. Bd2 Ne7 6. Nb5 Bxd2+ 7. Qxd2 O-O 8. c3
a6 9. Nd6 cxd4 10. cxd4 f6 11. f4 fxe5 12. fxe5 Nf5 13. Nxf5 Rxf5 14. Nf3 Nc6
15. Bd3 Rf8 16. O-O Bd7 17. Rf2 Qb6 18. Raf1 h6 19. Kh1 Ne7 20. Nh4 Nf5 21. Ng6
Rfe8 22. g4 Nxd4 23. Qf4 Qc5 24. Qf7+ Kh7 25. Nf8+ Kh8 26. Qg6 Nf5 27. Qh7# 1-0

[Event "DEM U16 2006"]
[Site "Willingen GER"]
[Date "2006.06.10"]
[Round "9"]
[White "Fink, Leander"]
[Black "Seemann, Semjon"]
[Result "1/2-1/2"]
[Termination "normal"]
[Board "10"]
[WhiteElo "1997"]
[BlackElo "1950"]
[PlyCount "47"]
[WhiteFideId "24605247"]
[BlackFideId "24624080"]
[EventCountry "GER"]
[EventRounds "9"]
[EventType "swiss"]
[EventDate "2006.06.03"]

1. e4 c5 2. Nf3 Nc6 3. d4 cxd4 4. Nxd4 Nf6 5. Nc3 e5 6. Ndb5 d6 7. Bg5 a6 8.
Na3 b5 9. Nd5 Be7 10. Bxf6 Bxf6 11. c3 Ne7 12. Nc2 Nxd5 13. Qxd5 Rb8 14. Ne3
Bb7 15. Qd3 O-O 16. Be2 Bg5 17. Nd5 g6 18. h4 Bh6 19. h5 Kg7 20. Rd1 Qg5 21. g3
f5 22. hxg6 hxg6 23. Nc7 Rf6 24. Nd5 1/2-1/2

[Event "DEM U16 2006"]
[Site "Willingen GER"]
[Date "2006.06.10"]
[Round "9"]
[White "Müller, Jan-Hendrik"]
[Black "Falke, Isaak"]
[Result "0-1"]
[Termination "normal"]
[Board "11"]
[WhiteElo "1978"]
[BlackElo "1944"]
[PlyCount "94"]
[WhiteFideId "24615048"]
[BlackFideId "24614483"]
[EventCountry "GER"]
[EventRounds "9"]
[EventType "swiss"]
[EventDate "2006.06.03"]

1. d4 d5 2. Nf3 Nf6 3. e3 e6 4. Bd3 c5 5. b3 Be7 6. O-O Nc6 7. Bb2 O-O 8. Nbd2
b6 9. a3 Bb7 10. Ne5 Qc7 11. Rc1 Rfd8 12. Qe2 Bf8 13. f4 Ne7 14. Ndf3 h6 15. g4
Ne4 16. g5 g6 17. gxh6 Bxh6 18. Bxe4 dxe4 19. Ng5 Rf8 20. dxc5 bxc5 21. Ng4 Bg7
22. Bxg7 Kxg7 23. Qc4 Bd5 24. Qc3+ f6 25. Rcd1 Qb6 26. Nxf6 Rxf6 27. Nh7 Ng8
28. Nxf6 Nxf6 29. Kf2 Kf7 30. Rg1 Rh8 31. Rg2 Qd6 32. Qa5 Qb6 33. Qd2 c4 34. b4
Qd6 35. Rdg1 Rh6 36. a4 Ng8 37. c3 Ne7 38. Qd4 Qc7 39. Qd2 Nf5 40. Qd1 Qb6 41.
Qe2 Rh3 42. Rxg6 Rf3+ 43. Kg2 Kxg6 44. Kh1+ Kf7 45. Qg2 Ke7 46. Qg8 Rxe3 47. a5
Qc7 0-1

[Event "DEM U16 2006"]
[Site "Willingen GER"]
[Date "2006.06.10"]
[Round "9"]
[White "Becker, Carsten"]
[Black "Isakson, Alex"]
[Result "1/2-1/2"]
[Termination "normal"]
[Board "12"]
[WhiteElo "1840"]
[BlackElo "1905"]
[PlyCount "49"]
[WhiteFideId "24646822"]
[BlackFideId "24637351"]
[EventCountry "GER"]
[EventRounds "9"]
[EventType "swiss"]
[EventDate "2006.06.03"]

1. d4 g6 2. e4 Bg7 3. Be3 d6 4. f4 Nd7 5. Nf3 Ngf6 6. Nbd2 O-O 7. Bc4 Ng4 8.
Bg1 e5 9. h3 Nh6 10. fxe5 dxe5 11. c3 Kh8 12. Qc2 c6 13. O-O-O b5 14. Bb3 a5
15. a3 Bb7 16. dxe5 Qe7 17. Be3 Nxe5 18. Nxe5 Qxe5 19. Bd4 Qe7 20. Nf3 f6 21.
Qf2 Qxe4 22. Rhe1 Qf4+ 23. Be3 Qc7 24. Bb6 Qf4+ 25. Be3 1/2-1/2

[Event "DEM U16 2006"]
[Site "Willingen GER"]
[Date "2006.06.10"]
[Round "9"]
[White "Mangold, Thomas"]
[Black "Schwenke, Vincent"]
[Result "1/2-1/2"]
[Termination "normal"]
[Board "13"]
[WhiteElo "1646"]
[BlackElo "1794"]
[PlyCount "56"]
[WhiteFideId "24671665"]
[BlackFideId "24620467"]
[EventCountry "GER"]
[EventRounds "9"]
[EventType "swiss"]
[EventDate "2006.06.03"]

1. f4 d5 2. Nf3 g6 3. e3 Bg7 4. d4 e6 5. c4 dxc4 6. Bxc4 Ne7 7. Nc3 O-O 8. O-O
b6 9. Bd2 Bb7 10. Rc1 Nd7 11. a3 c5 12. dxc5 Nxc5 13. Qe2 Rc8 14. b4 Ne4 15.
Nxe4 Bxe4 16. Ba6 Rxc1 17. Bxc1 Qc7 18. Bb2 Qc2 19. Qxc2 Bxc2 20. Bxg7 Kxg7 21.
Rc1 Be4 22. Rc7 Nd5 23. Rxa7 Nxe3 24. Kf2 Nc2 25. Bc4 Ra8 26. Ra6 Rxa6 27. Bxa6
Nxa3 28. Ne5 b5 1/2-1/2

[Event "DEM U16 2006"]
[Site "Willingen GER"]
[Date "2006.06.10"]
[Round "9"]
[White "Kalisch, Michael"]
[Black "Holgert, Michael"]
[Result "1/2-1/2"]
[Termination "normal"]
[Board "14"]
[WhiteElo "1824"]
[BlackElo "1863"]
[PlyCount "78"]
[BlackFideId "24668990"]
[EventCountry "GER"]
[EventRounds "9"]
[EventType "swiss"]
[EventDate "2006.06.03"]

1. e4 c5 2. c3 b6 3. d4 Bb7 4. d5 Nf6 5. Qc2 e6 6. c4 exd5 7. exd5 d6 8. Nf3 g6
9. Be2 Bg7 10. Nc3 O-O 11. O-O a6 12. Bd2 b5 13. b3 b4 14. Na4 Ng4 15. Rae1 Ne5
16. Bf4 Nbd7 17. Nxe5 Nxe5 18. Bg3 f5 19. f4 Nf7 20. Bd3 Bf6 21. h3 Bc8 22. Re2
Bd7 23. Nb2 Re8 24. Rxe8+ Qxe8 25. Re1 Qf8 26. Nd1 Re8 27. Rxe8 Qxe8 28. Qe2
Qxe2 29. Bxe2 a5 30. Bd3 Kf8 31. Kf1 Ke7 32. Ne3 Nh6 33. Ke2 Ng8 34. Kf3 Bd4
35. Bh4+ Nf6 36. Nc2 Bc3 37. Ne3 Bd4 38. Nc2 Bb2 39. Ne3 Bd4 1/2-1/2